00573nam a2200193Ia 450000500170000000800410001704000190005804100120007708200160008910000200010524500380012525000120016326000460017530000250022150400500024665000320029665100410032885000100036920230613112041.0131103s9999 xx 000 0 und d aLoreto College aEnglish a940.28bCRA aCraic,Gordon A. aEurope since 1815cGordon A.Craic a2nd ed. aNew YorkbHolt,Rinehart and Winstonc1966 axv,944p.b ill.,maps aIncludes bibliographical references and index aModern History - Since 1815 aEurope - Modern History - Since 1815 aLCLIB